Η Νέα Μονή της Χίου = Nea Moni of Chios : σύντομο οδοιπορικό
Αποθηκεύτηκε σε:
| Κύριος συγγραφέας: | |
|---|---|
| Άλλοι συγγραφείς: | |
| Μορφή: | Βιβλίο |
| Γλώσσα: | Greek |
| Δημοσίευση: |
Χίος :
Ιερά Μητρόπολη Χίου,
1998
|
| Έκδοση: | 4η έκδ. |
| Θέματα: | |
| Ετικέτες: |
Προσθήκη ετικέτας
Δεν υπάρχουν, Καταχωρήστε ετικέτα πρώτοι!
|
MARC
| LEADER | 00000cam a2200000 i 4500 | ||
|---|---|---|---|
| 001 | 1/73780 | ||
| 008 | 990323s1988 gre d | ||
| 035 | |l 10048893 | ||
| 040 | |a GR-MY-UA |b gre |e aacr | ||
| 041 | 0 | |a gre | |
| 082 | 0 | |a 726.709499 | |
| 100 | 1 | |a Αξιωτάκης, Ανδρέας Στ. | |
| 245 | 1 | 2 | |a Η Νέα Μονή της Χίου = |b Nea Moni of Chios : σύντομο οδοιπορικό / |c Ανδρέα Σ. Αξιωτάκη ; Μετάφραση: Αθηνά Ντάλας-Ντάμη |
| 250 | |a 4η έκδ. | ||
| 260 | |a Χίος : |b Ιερά Μητρόπολη Χίου, |c 1998 | ||
| 300 | |a 64 σ. | ||
| 610 | 2 | 7 | |2 nlgaf |a Nea Mone (Chios, Greece) |
| 650 | 0 | 0 | |a Monasteries |z Greece |z Chios (Municipality) |
| 650 | 0 | 0 | |a Art, Byzantine |z Greece |z Chios (Municipality) |
| 650 | 0 | |a Church architecture |z Greece |z Chios (Municipality) | |
| 700 | 1 | |4 trl |a Dallas-Damis, Athena G. | |
| 852 | |a INST |b CHIOS |e 19990323 |h 726.709499 ΑΞΙ |p 005200014541 |q 005200014541 |t BK |y 0 | ||
| 901 | |a BIBL-1999-1 | ||
| 909 | |a Χ |b 055680 | ||
| 922 | |a 2ΔΩΡ |b 199903 |d ΗΜΕΡΙΔΑ"AEGEAN DOLPHIN" | ||